Eurolingua English 1 : pracovní sešit / pracovný zošit

Guardado en:
Detalles Bibliográficos
Autores principales: Self , Susanne (Autor), Telínová, Alena (Autor), Tandlichová, Eva (Autor)
Formato: Libro
Lenguaje:inglés
eslovaco
Publicado: Bratislava : Nakladateľstvo Fraus, 2003
Edición:1. vyd.
Materias:
Etiquetas: Agregar Etiqueta
Sin Etiquetas, Sea el primero en etiquetar este registro!

MARC

LEADER 00000nam a22000003a 4500
001 stu122105
005 20150617225914.9
008 060628s2003----xo------------------eng-d
040 |a STU  |b slo 
041 0 |a eng  |a slo 
044 |a xo 
080 |a 821.111 
100 1 |a Self , Susanne  |4 aut 
245 1 |a Eurolingua English 1 :  |b pracovní sešit / pracovný zošit 
250 |a 1. vyd. 
260 |a Bratislava :  |b Nakladateľstvo Fraus,  |c 2003 
300 |a 46 s 
650 7 |a učebnice angličtiny  |2 stusub 
700 1 |a Telínová, Alena  |4 aut 
700 1 |a Tandlichová, Eva  |4 aut 
996 |b 284J029418  |c J*105918  |l JJK17  |s P  |a 0  |w stu122105_0001